| 000 | 00745cam a2200253 4500 | ||
|---|---|---|---|
| 001 | ABS62588 | ||
| 008 | 000000n2000 000 0 eng u | ||
| 035 | _a(Sirsi) u107617 | ||
| 245 | _aFocus 2000: Essex | ||
| 260 | _c2000 | ||
| 490 |
_aEstates Gazette _v(0028) 15 July 2000, 89-115(9) |
||
| 590 | _aABS | ||
| 650 | _aCHELMSFORD | ||
| 650 | _aCOLCHESTER | ||
| 650 | _aROMFORD | ||
| 650 | _aDAGENHAM | ||
| 650 | _aSOUTHEND | ||
| 650 | _aPROPERTY-COMMERCIAL PROPERTY-OFFICE PROPERTY-OFFICE PROPERTY MARKET | ||
| 650 | _aPROPERTY-COMMERCIAL PROPERTY-RETAIL PROPERTY-RETAIL PROPERTY MARKET | ||
| 650 | _aBASILDON | ||
| 650 | _aINDUSTRIAL MARKET | ||
| 690 | _aPROPERTY-COMMERCIAL PROPERTY-COMMERCIAL PROPERTY MARKET | ||
| 942 | _n0 | ||
| 999 |
_c64299 _d64299 |
||